[Event "Arber op 7th"]
[Site "Bodenmais"]
[Date "2018.08.02"]
[Round "6"]
[White "Krawiec, Jan"]
[Black "Hedzic, Omer"]
[Result "1-0"]
[WhiteElo "1460"]
[BlackElo "1470"]
[PlyCount "37"]
[EventDate "2018.07.28"]
[EventType "swiss"]
[EventRounds "9"]
[EventCountry "GER"]
[SourceTitle "CBM 185 Extra"]
[Source "ChessBase"]
[SourceDate "2018.07.29"]
[SourceVersion "1"]
[SourceVersionDate "2018.07.29"]
[SourceQuality "1"]

1. e4 e6 2. d4 b6 3. Nc3 Bb7 4. Bc4 Ne7 5. Nf3 c6 6. d5 cxd5 7. exd5 exd5 8. Nxd5 Bxd5 9. Bxd5 Nxd5 10. Qxd5 Nc6 11. Ng5 Qe7+ 12. Be3 g6 13. 0-0-0 Rd8 14. Rhe1 f6 15. Bd4 Ne5 16. Bxe5 fxg5 17. Bxh8 Qxe1 18. Rxe1+ Be7 19. Qg8# 1-0